| 000 | 01270nam a22002177a 4500 | ||
|---|---|---|---|
| 003 | OSt | ||
| 005 | 20260511105942.0 | ||
| 008 | 260428b |||||||| |||| 00| 0 eng d | ||
| 022 | _a1466-4615 | ||
| 040 |
_aTBS _bEN _cTBS |
||
| 041 | _aeng | ||
| 100 |
_aBell, Jeffrey _926921 _eauthor |
||
| 245 |
_aThinking with cinema _b: deleuze and film theory _c/ Jeffrey Bell. |
||
| 260 |
_bFilm-Philosophy, _c1997. |
||
| 300 | _a1-6 pages. | ||
| 490 |
_aFilm-Philosophy _vvol.1, no.1 |
||
| 505 | _aIn this edition of Iris serious attention is paid to the film theory of Gilles Deleuze. As D. N. Rodowick correctly notes in his introduction, Deleuze's film theory has largely been ignored either because commentators approach his cinema books with insufficient knowledge of Deleuze's concepts and philosophical work as a whole (which Deleuze presupposes throughout his cinema books), or one is familiar with Deleuze's work but is inadequately knowledgeable of film and film theory. This collection of essays attempts to approach Deleuze's film books while avoiding either of these two pitfalls. | ||
| 630 | 0 |
_aB2 PBT Film Studies (BiM) _926907 |
|
| 856 | _uhttps://research-ebsco-com.hub.tbs-education.fr/linkprocessor/plink?id=72c49e7b-065d-303a-8285-a5f7cf9b1cc7 | ||
| 942 | _2lcc | ||
| 999 |
_c5436 _d5436 |
||